00330 a2200109 4500020001500000082001700015100001800032245006600050260005100116300003200167650002100199 a9694170958 a621.3815 MUK aMukati, Altaf aFault Diagnosis and Testing of Digital CircuitscAltaf Mukati aPakistan :bHigher Education Commission,c2006 axii, 207p. :bill. ;c25 cm aDigital Circuits